| 000 | 00676nam a22001337a 4500 | ||
|---|---|---|---|
| 003 | OSt | ||
| 005 | 20160323103159.0 | ||
| 008 | 160323b xxu||||| |||| 00| 0 eng d | ||
| 040 | _cRUA | ||
| 082 | _aAGR VA 2009 B470 Or.1 | ||
| 245 | _aEffect of organic mulching on chinese cabbage (brassica chinensis) under dry season condition of royal university of agriculture, ឥទ្ធិពលគំរបសរីរាង្គទៅលើដំណាំស្ពៃតឿក្នុងលក្ខខណ្ឌរដូវប្រាំងនៅសាកលវិទ្យាល័យភូមិន្ទកសិកម្ម | ||
| 300 |
_axi,45p. _bill. _c29cm. |
||
| 942 |
_2ddc _cAGR |
||
| 999 |
_c7751 _d7751 |
||